000 00342nam a2200169Ia 4500
100 _aKamat/Vithal Venkatesh
650 _aFiction
942 _cBK
366 _f20
654 _awill power
245 _aIdli
260 _bEmbassy Books
_c2014
082 _a808.83
_bKAM
300 _a208
546 _aENGLISH
_cComputers
999 _c25580
_d25580